000 00402nam a2200181Ia 4500
005 20240823032018.0
008 240823s9999||||xx |||||||||||||| ||und||
041 _aENGLISH
082 _A791.82 P4
100 _aErnest Hemingway
245 0 _aDeath in the Afternoon
250 _a1st
260 _c2004
_bArrow
500 _aYES
650 _aGeneral
_bGeneral
942 _cBK
999 _c192430
_d192430